00361nam a2200145 a 450000100060000000300090000600800410001504000280005608200180008410000270010224500250012926000310015430000080018565000220019314106CO-ViMGA141112s2004 ck r 000 u spa d aCO-ViMGAbspacCO-ViMGA04aV863.44 U75la1 aUslar - Pietri, Arturo10aLas lanzas coloradas aNavarra : bSalvat, c1970 a17014aNOVELA VENEZOLANA